| 000 | 01135nac a22003497a 4500 | ||
|---|---|---|---|
| 001 | BR0400299 | ||
| 003 | BR-BrBNA | ||
| 005 | 20240105122936.0 | ||
| 008 | 230509b bl.|||m| |||| 00| 0 por d | ||
| 040 |
_aBR-BrBNA _bpor _cBiblioteca Nacional de Agricultura |
||
| 072 | _aF01; Q02 | ||
| 090 | _a1190 BR0400299 | ||
| 100 | 1 | _aCalzavara, B.B.G. | |
| 100 | 1 | _aMüller, C.H. | |
| 100 | 1 | _aKahwage, O. de N. da C. | |
| 110 | 1 | _aCentro de Pesquisa Agropecuária do Trópico Úmido, Belém, PA (Brasil) | |
| 245 | 1 | _aFruticultura tropical: o cupuaçuzeiro; cultivo, beneficiamento e utilização do fruto | |
| 260 | 3 |
_aBelém, PA (Brasil): _c1984. |
|
| 300 | _a101 p. | ||
| 490 |
_aDocumentos - Centro de Pesquisa Agropecuária do Trópico Úmido (Brazil) _vno. 32 _xISSN 0101-2835 |
||
| 500 | _a28 illus.; 12 ref. | ||
| 650 | _aCUPUAÇU | ||
| 650 | _aPRODUÇÃO VEGETAL | ||
| 650 | _aMUDA | ||
| 650 | _aSEMEADURA | ||
| 650 | _aREPRODUÇÃO ASSEXUADA | ||
| 650 | _aDESPOLPAMENTO | ||
| 650 | _aPRÁTICA CULTURAL | ||
| 650 | _aCULINÁRIA | ||
| 909 |
_a202312 _bLúcia Elande _c55 _dLúcia Elande |
||
| 942 |
_2AGRIS _n0 _cMS |
||
| 999 |
_c293394 _d293394 |
||